000 00524nam a2200181Ia 4500
003 GCL
008 140319s9999 xx 000 0 eng d
040 _aGCL /
_cGCL
082 0 4 _a820.900912
_bM M
100 1 _aMONTEFIORE, JANET
245 1 0 _aMEN AND WOMEN WRITERS OF THE 1930S: THE DANGEROUS FLOOD OF HISTORY /
_cMONTEFIORE, JANET
260 _a[S.N] :
_bROUTLEDGE ،
_c1996
300 _a263 P
650 0 4 _aENGLISH LITERATURE
650 0 4 _aLITERATURE - HISTORY
650 0 4 _aMEMORY IN LITERATURE
942 _2ddc
_cBK
999 _c13167
_d13167